<?xml version="1.0" encoding="UTF-8"?>
<record
    xmlns:xsi="http://www.w3.org/2001/XMLSchema-instance"
    xsi:schemaLocation="http://www.loc.gov/MARC21/slim http://www.loc.gov/standards/marcxml/schema/MARC21slim.xsd"
    xmlns="http://www.loc.gov/MARC21/slim">

  <leader>01675nam a22002417a 4500</leader>
  <datafield tag="999" ind1=" " ind2=" ">
    <subfield code="c">60245</subfield>
    <subfield code="d">60245</subfield>
  </datafield>
  <controlfield tag="003">Ge_BSU</controlfield>
  <controlfield tag="005">20230621143024.0</controlfield>
  <controlfield tag="008">230621s2014    ge ||||| |||| 00| 0 geo d</controlfield>
  <datafield tag="020" ind1=" " ind2=" ">
    <subfield code="a">9789941446092</subfield>
  </datafield>
  <datafield tag="041" ind1=" " ind2=" ">
    <subfield code="a">geo</subfield>
  </datafield>
  <datafield tag="080" ind1=" " ind2=" ">
    <subfield code="a">352.071(479.22&#x2013;25) &#x10D9;-44</subfield>
  </datafield>
  <datafield tag="100" ind1=" " ind2=" ">
    <subfield code="a">&#x10D9;&#x10D5;&#x10D0;&#x10E0;&#x10D0;&#x10EA;&#x10EE;&#x10D4;&#x10DA;&#x10D8;&#x10D0;, &#x10DB;&#x10D0;&#x10D9;&#x10D0;</subfield>
    <subfield code="9">18871</subfield>
  </datafield>
  <datafield tag="245" ind1=" " ind2=" ">
    <subfield code="a">&#x10E5;&#x10D0;&#x10DA;&#x10D0;&#x10E5; &#x10D7;&#x10D1;&#x10D8;&#x10DA;&#x10D8;&#x10E1;&#x10D8;&#x10E1; &#x10D7;&#x10D5;&#x10D8;&#x10D7;&#x10DB;&#x10DB;&#x10D0;&#x10E0;&#x10D7;&#x10D5;&#x10D4;&#x10DA;&#x10DD;&#x10D1;&#x10D0; :</subfield>
    <subfield code="b">&#x10D0;&#x10E0;&#x10E9;&#x10D4;&#x10D5;&#x10DC;&#x10D4;&#x10D1;&#x10D8;. &#x10E1;&#x10D0;&#x10D9;&#x10D0;&#x10DC;&#x10DD;&#x10DC;&#x10DB;&#x10D3;&#x10D4;&#x10D1;&#x10DA;&#x10DD; &#x10D1;&#x10D0;&#x10D6;&#x10D0;. &#x10D1;&#x10D8;&#x10E3;&#x10EF;&#x10D4;&#x10E2;&#x10D8;, 1917-1921 /</subfield>
    <subfield code="c">&#x10DB;&#x10D0;&#x10D9;&#x10D0; &#x10D9;&#x10D5;&#x10D0;&#x10E0;&#x10D0;&#x10EA;&#x10EE;&#x10D4;&#x10DA;&#x10D8;&#x10D0; ; &#x10E0;&#x10D4;&#x10D3;. &#x10D5;&#x10D0;&#x10EE;&#x10E2;&#x10D0;&#x10DC;&#x10D2; &#x10D2;&#x10E3;&#x10E0;&#x10E3;&#x10DA;&#x10D8; ; &#x10E1;&#x10D0;&#x10E5;. &#x10E1;&#x10D0;&#x10DE;&#x10D0;&#x10E2;&#x10E0;&#x10D8;&#x10D0;&#x10E0;&#x10E5;&#x10DD;&#x10E1; &#x10EC;&#x10DB;. &#x10D0;&#x10DC;&#x10D3;&#x10E0;&#x10D8;&#x10D0; &#x10DE;&#x10D8;&#x10E0;&#x10D5;&#x10D4;&#x10DA;&#x10EC;&#x10DD;&#x10D3;&#x10D4;&#x10D1;&#x10E3;&#x10DA;&#x10D8;&#x10E1; &#x10E1;&#x10D0;&#x10EE;. &#x10E5;&#x10D0;&#x10E0;&#x10D7;. &#x10E3;&#x10DC;-&#x10E2;&#x10D8;&#x10E1; &#x10F0;&#x10E3;&#x10DB;&#x10D0;&#x10DC;&#x10D8;&#x10E2;. &#x10DB;&#x10D4;&#x10EA;&#x10DC;. &#x10E4;&#x10D0;&#x10D9;-&#x10E2;&#x10D8;.</subfield>
  </datafield>
  <datafield tag="264" ind1=" " ind2=" ">
    <subfield code="a">&#x10D7;&#x10D1;&#x10D8;&#x10DA;&#x10D8;&#x10E1;&#x10D8; :</subfield>
    <subfield code="b"> &#x10D0;&#x10E0;&#x10E2;&#x10D0;&#x10DC;&#x10E3;&#x10EF;&#x10D8;, </subfield>
    <subfield code="c">2014.</subfield>
  </datafield>
  <datafield tag="300" ind1=" " ind2=" ">
    <subfield code="a">150 &#x10D2;&#x10D5;. </subfield>
    <subfield code="b">+ 6 &#x10E9;&#x10D0;&#x10E0;&#x10D7;. &#x10E4;. &#x10E4;&#x10DD;&#x10E2;.</subfield>
    <subfield code="c"> 20 &#x10E1;&#x10DB;.</subfield>
  </datafield>
  <datafield tag="501" ind1=" " ind2=" ">
    <subfield code="a">&#x10E1;&#x10D0;&#x10EB;&#x10D8;&#x10D4;&#x10D1;&#x10D4;&#x10DA;&#x10D8;: &#x10D2;&#x10D5;. 140-142.</subfield>
  </datafield>
  <datafield tag="504" ind1=" " ind2=" ">
    <subfield code="a">&#x10D1;&#x10D8;&#x10D1;&#x10DA;&#x10D8;&#x10DD;&#x10D2;&#x10E0;. &#x10E2;&#x10D4;&#x10E5;&#x10E1;&#x10E2;. &#x10E8;&#x10D4;&#x10DC;&#x10D8;&#x10E8;&#x10D5;&#x10DC;. &#x10D3;&#x10D0; &#x10D2;&#x10D5;. 143-147.</subfield>
  </datafield>
  <datafield tag="520" ind1=" " ind2=" ">
    <subfield code="a">&#x10E0;&#x10D4;&#x10D6;. &#x10D8;&#x10DC;&#x10D2;&#x10DA;.</subfield>
  </datafield>
  <datafield tag="653" ind1=" " ind2=" ">
    <subfield code="a">&#x10D7;&#x10D1;&#x10D8;&#x10DA;&#x10D8;&#x10E1;&#x10D8;&#x10E1; &#x10D7;&#x10D5;&#x10D8;&#x10D7;&#x10DB;&#x10DB;&#x10D0;&#x10E0;&#x10D7;&#x10D5;&#x10D4;&#x10DA;&#x10DD;&#x10D1;&#x10D0;</subfield>
  </datafield>
  <datafield tag="700" ind1=" " ind2=" ">
    <subfield code="a">&#x10D2;&#x10E3;&#x10E0;&#x10E3;&#x10DA;&#x10D8;, &#x10D5;&#x10D0;&#x10EE;&#x10E2;&#x10D0;&#x10DC;&#x10D2;</subfield>
    <subfield code="e">&#x10E0;&#x10D4;&#x10D3;&#x10D0;&#x10E5;&#x10E2;&#x10DD;&#x10E0;&#x10D8;</subfield>
    <subfield code="9">18872</subfield>
  </datafield>
  <datafield tag="710" ind1=" " ind2=" ">
    <subfield code="a">&#x10E1;&#x10D0;&#x10E5;. &#x10E1;&#x10D0;&#x10DE;&#x10D0;&#x10E2;&#x10E0;&#x10D8;&#x10D0;&#x10E0;&#x10E5;&#x10DD;&#x10E1; &#x10EC;&#x10DB;. &#x10D0;&#x10DC;&#x10D3;&#x10E0;&#x10D8;&#x10D0; &#x10DE;&#x10D8;&#x10E0;&#x10D5;&#x10D4;&#x10DA;&#x10EC;&#x10DD;&#x10D3;&#x10D4;&#x10D1;&#x10E3;&#x10DA;&#x10D8;&#x10E1; &#x10E1;&#x10D0;&#x10EE;. &#x10E5;&#x10D0;&#x10E0;&#x10D7;. &#x10E3;&#x10DC;-&#x10E2;&#x10D8;.</subfield>
    <subfield code="b"> &#x10F0;&#x10E3;&#x10DB;&#x10D0;&#x10DC;&#x10D8;&#x10E2;. &#x10DB;&#x10D4;&#x10EA;&#x10DC;. &#x10E4;&#x10D0;&#x10D9;-&#x10E2;&#x10D8;.</subfield>
    <subfield code="9">18873</subfield>
  </datafield>
  <datafield tag="942" ind1=" " ind2=" ">
    <subfield code="2">udc</subfield>
    <subfield code="c">BK</subfield>
  </datafield>
  <datafield tag="952" ind1=" " ind2=" ">
    <subfield code="0">0</subfield>
    <subfield code="1">0</subfield>
    <subfield code="2">udc</subfield>
    <subfield code="4">0</subfield>
    <subfield code="6">3520714792225_&#x10D9;44</subfield>
    <subfield code="7">0</subfield>
    <subfield code="9">95239</subfield>
    <subfield code="a">CPL</subfield>
    <subfield code="b">CPL</subfield>
    <subfield code="c">GEN</subfield>
    <subfield code="d">2023-06-21</subfield>
    <subfield code="g">6.00</subfield>
    <subfield code="o">352.071(479.22&#x2013;25) &#x10D9;-44</subfield>
    <subfield code="p">64752</subfield>
    <subfield code="r">2023-06-21</subfield>
    <subfield code="t">64752</subfield>
    <subfield code="u">&#x10D1;&#x10E1;&#x10E3;-&#x10E1; &#x10E1;&#x10D0;&#x10DE;&#x10D0;&#x10E2;&#x10D8;&#x10DD; &#x10D3;&#x10DD;&#x10E5;&#x10E2;&#x10DD;&#x10E0;&#x10D8;&#x10E1; &#x10D2;&#x10E3;&#x10E0;&#x10D0;&#x10DB; &#x10DA;&#x10DD;&#x10E0;&#x10D7;&#x10E5;&#x10D8;&#x10E4;&#x10D0;&#x10DC;&#x10D8;&#x10EB;&#x10D8;&#x10E1; &#x10E1;&#x10D0;&#x10E9;&#x10E3;&#x10E5;&#x10D0;&#x10E0;&#x10D8;</subfield>
    <subfield code="w">2023-06-21</subfield>
    <subfield code="y">BK</subfield>
    <subfield code="z">6 &#x10DA;.</subfield>
  </datafield>
</record>
